An introduction to contemporary German philosophy (Record no. 120896)
[ view plain ]
| 000 -LEADER | |
|---|---|
| fixed length control field | 00458nam a22001457a 4500 |
| 008 - FIXED-LENGTH DATA ELEMENTS--GENERAL INFORMATION | |
| fixed length control field | 140923b xxu||||| |||| 00| 0 eng d |
| 050 ## - LIBRARY OF CONGRESS CALL NUMBER | |
| Classification number | B3181.B76 |
| 100 ## - MAIN ENTRY--PERSONAL NAME | |
| Personal name | Brock,Werner |
| 9 (RLIN) | 11458 |
| 245 ## - TITLE STATEMENT | |
| Title | An introduction to contemporary German philosophy |
| Statement of responsibility, etc | Werner Brock |
| 260 ## - PUBLICATION, DISTRIBUTION, ETC. (IMPRINT) | |
| Place of publication, distribution, etc | London |
| Name of publisher, distributor, etc | Cambridge University Press |
| Date of publication, distribution, etc | 1935 |
| 300 ## - PHYSICAL DESCRIPTION | |
| Extent | xx,143p.: |
| Dimensions | 18cm. |
| 650 ## - SUBJECT ADDED ENTRY--TOPICAL TERM | |
| Topical term or geographic name as entry element | Philosophy |
| Geographic subdivision | German |
| 9 (RLIN) | 11459 |
| 650 ## - SUBJECT ADDED ENTRY--TOPICAL TERM | |
| Topical term or geographic name as entry element | Philosophy |
| General subdivision | Modern |
| 9 (RLIN) | 11460 |
| 942 ## - ADDED ENTRY ELEMENTS (KOHA) | |
| Source of classification or shelving scheme | Library of Congress Classification |
| Item type | Monograph ( Printed materials) |
No items available.